Súčasné vývojové trendy v hospodárstve Bulharska Príloha Hospodárskych novín
Súčasná hospodárska situácia v Bulharsku a predpokladaný vývoj v nasledujúcom období. Monitor hospodárskeho vývoja. Vývoj spracovateľského priemyslu, priemyselnej výroby, salda zahraničného obchodu a stavov hospodárskych zvierat. Štruktúra zahraničného obchodu podľa krajiny dovozu a vývozu. Podiel j...
Guardado en:
| Formato: | Capítulo de libro |
|---|---|
| Lenguaje: | eslovaco |
| Materias: | |
| Etiquetas: |
Sin Etiquetas, Sea el primero en etiquetar este registro!
|
MARC
| LEADER | 00000naa a2200000 4500 | ||
|---|---|---|---|
| 001 | r020020 | ||
| 005 | 20230801103504.6 | ||
| 041 | 0 | |a slo | |
| 044 | |a SK | ||
| 245 | 1 | 0 | |a Súčasné vývojové trendy v hospodárstve Bulharska |b Príloha Hospodárskych novín |
| 520 | |a Súčasná hospodárska situácia v Bulharsku a predpokladaný vývoj v nasledujúcom období. Monitor hospodárskeho vývoja. Vývoj spracovateľského priemyslu, priemyselnej výroby, salda zahraničného obchodu a stavov hospodárskych zvierat. Štruktúra zahraničného obchodu podľa krajiny dovozu a vývozu. Podiel jednotlivých štátov na celkových priamych zahraničných investíciách. Konjunkturálne zmeny vybraných makroekonomických ukazovateľov. | ||
| 610 | 2 | 0 | |a Bulharsko |
| 610 | 2 | 0 | |a 1991-1996 |
| 610 | 2 | 0 | |a situácia hospodárska |
| 610 | 2 | 0 | |a údaje štatistické |
| 610 | 2 | 0 | |a prognózy hospodárske |